Nivedini-Vol. 10, (May/June 2003) (Record no. 4799)

MARC details
000 -LEADER
fixed length control field 00369nam a2200133 4500
008 - FIXED-LENGTH DATA ELEMENTS--GENERAL INFORMATION
fixed length control field 240223b |||||||| |||| 00| 0 eng d
022 ## - INTERNATIONAL STANDARD SERIAL NUMBER
ISSN 13910027
942 ## - ADDED ENTRY ELEMENTS (KOHA)
Item Type Periodicals
245 ## - TITLE STATEMENT
Title Nivedini-Vol. 10, (May/June 2003)
246 ## - VARYING FORM OF TITLE
Title A journal on gender studies
260 ## - PUBLICATION, DISTRIBUTION, ETC. (IMPRINT)
Place of Publication Colombo:
Name of Publisher Women education and research centre,
Date of Copyright 2003
300 ## - PHYSICAL DESCRIPTION
Physical Details 164 P.
650 ## - SUBJECT ADDED ENTRY--TOPICAL TERM
Topical Term GENDER STUDIES
Holdings
Withdrawn status Lost status Source of classification or shelving scheme Damaged status Not for loan Permanent location Current location Date acquired Total Checkouts Full call number Barcode Date last seen Price effective from Koha item type
    Dewey Decimal Classification     Resource center, Muslim Women's Research And Action Forum Resource center, Muslim Women's Research And Action Forum 2024-02-23   300 NIV RAF5088 2024-02-23 2024-02-23 Periodicals
    Dewey Decimal Classification     Resource center, Muslim Women's Research And Action Forum Resource center, Muslim Women's Research And Action Forum 2024-02-23   300 NIV RAF5089 2024-02-23 2024-02-23 Periodicals

Copyright © 2023 Muslim Women's Research and Action Forum (MWRAF), No 27/3, Anderson Road, Kalubowila, Dehiwela. Funded by The Asia Fundation